| 000 | 00574nam a2200205Ia 4500 | ||
|---|---|---|---|
| 003 | GCL | ||
| 008 | 140319s9999 xx 000 0 aFre d | ||
| 020 | _a2714425895 | ||
| 040 |
_aGCL / _cGCL |
||
| 082 | 0 | 4 |
_a823 _bK N |
| 100 | 1 | _aKANE, CAROL | |
| 245 | 1 | 0 |
_aLES NOCES DE SAINT - PETERSBOURGH ROMAN / _cKANE, CAROL |
| 260 |
_aفرنسا : _bPIERRE BELFOND ، _c1988 |
||
| 300 |
_a24 CM ؛ _c417 P |
||
| 650 | 0 | 4 | _aENGLISH LITERATURE |
| 650 | 0 | 4 | _aLITERATURE |
| 650 | 0 | 4 | _aENGLISH FICTION |
| 650 | 0 | 4 | _aENGLISH LITERATURE - TRANSLATIONS INTO FRENCH |
| 942 |
_2ddc _cBK |
||
| 999 |
_c10023 _d10023 |
||